000 01240nkm a2200277 i 4500
001 3062
003 ES-MaACL
005 20250713062544.0
007 khrbo
008 041115s1982 sp --- g |001||spa d
100 0 _aAlfonso,
_d1902-1990
_919858
245 1 3 _aLa voz en la música española del siglo XX [
_hFotografía] /
_cAlfonso (sello).
260 _a[S.l. :
_bs.n.],
_c1982.
300 _a4 fot. :
_bb. y n. ;
_c12 x 18 cm.
500 _aDatos basados en invitación.
511 0 _aIntervienen: Inmaculada Burgos, Fernando Turina.
518 _aActo organizado por la Sección de Música del Ateneo de Madrid en colaboración con la Asociación de Compositores Sinfónicos Españoles, celebrado en el salón de actos el martes 6 de abril de 1982, a las 19:30 h.
600 1 4 _aBurgos, Inmaculada.
_932650
600 1 4 _aTurina, Fernando.
_9111709
610 2 4 _aAteneo de Madrid-
_xActos culturales-
_y1982-
_vFotografías.
_91894
710 2 _aAteneo de Madrid.
_bSección de Música.
_92004
710 2 _aAsociación de Compositores Sinfónicos Españoles.
_91573
852 _aES-MaACL
_jFOT 7/1982
856 4 _uhttp://www.ateneodemadrid.net/biblioteca_digital/imagenes/1982/0007-1982.jpg
_zVer imagen
999 _c3062
_d3062